Countries Recognizing Crimea referendum - Statistics

General Stats
  • This quiz has been taken 90 times
  • The average score is 9 of 15
Answer Stats
Answer % Correct
Russia
97%
3 Belarus
89%
North Korea
77%
Kazakhstan
74%
Syria
72%
Cuba
69%
Venezuela
68%
2 Armenia
66%
Kyrgyzstan
60%
Nicaragua
48%
1 Afghanistan
46%
4 Bolivia
42%
Sudan
42%
Zimbabwe
42%
Uganda
28%
No matching quizzes found
Score Distribution
Percent of People with Each Score
Percentile by Number Answered
Your Score History
You have not taken this quiz